[Event "WchT Seniors 50"]
[Site "Radebeul"]
[Date "2016.06.27"]
[Round "2.4"]
[White "Arp, Frans"]
[Black "Jarnstrom, Henrik"]
[Result "1-0"]
[WhiteElo "2047"]
[BlackElo "1808"]
[PlyCount "41"]
[EventDate "2016.06.26"]
[EventType "team-swiss"]
[EventRounds "9"]
[EventCountry "GER"]
[SourceTitle "CBM 173 Extra"]
[Source "ChessBase"]
[SourceDate "2016.08.29"]
[SourceVersion "1"]
[SourceVersionDate "2016.08.29"]
[SourceQuality "1"]
[WhiteTeam "Oranje II"]
[BlackTeam "Finland"]
[WhiteTeamCountry "NED"]
[BlackTeamCountry "FIN"]

1. e4 g6 2. d4 Bg7 3. Nc3 d6 4. Be3 Nf6 5. Be2 Nbd7 6. h4 h5 7. Nh3 b6 8. Ng5 Nh7 9. Nxh7 Rxh7 10. Qd2 Bb7 11. 0-0-0 a6 12. Kb1 b5 13. Bd3 c6 14. f4 Qb6 15. e5 0-0-0 16. Ne4 Bf8 17. Ng5 Rg7 18. e6 Nf6 19. exf7 Kd7 20. f5 d5 21. Ne6 1-0

[Event "Hessen-ch Seniors op 12th"]
[Site "Bad Sooden-Allendorf"]
[Date "2016.05.04"]
[Round "5"]
[White "Fleischer, Matthias"]
[Black "Arp, Frans"]
[Result "0-1"]
[WhiteElo "1928"]
[BlackElo "2053"]
[PlyCount "35"]
[EventDate "2016.04.30"]
[EventType "swiss"]
[EventRounds "9"]
[EventCountry "GER"]
[SourceTitle "EXT 2019"]
[Source "ChessBase"]
[SourceDate "2018.10.10"]
[SourceVersion "1"]
[SourceVersionDate "2018.10.10"]
[SourceQuality "1"]

1. d4 Nf6 2. c4 g6 3. Nc3 Bg7 4. e4 d6 5. f3 0-0 6. Nge2 c5 7. Be3 Nc6 8. d5 Ne5 9. Ng3 h5 10. h4 a6 11. Be2 Nh7 12. Rb1 Bd7 13. Qb3 Rb8 14. Qa3 Qc8 15. Kf2 b5 16. cxb5 axb5 17. Qb3 b4 18. Nd1 0-1

[Event "Hessen-ch Seniors op 12th"]
[Site "Bad Sooden-Allendorf"]
[Date "2016.05.03"]
[Round "4"]
[White "Arp, Frans"]
[Black "Kienel, Norbert"]
[Result "1/2-1/2"]
[WhiteElo "2053"]
[BlackElo "1869"]
[PlyCount "116"]
[EventDate "2016.04.30"]
[EventType "swiss"]
[EventRounds "9"]
[EventCountry "GER"]
[SourceTitle "EXT 2019"]
[Source "ChessBase"]
[SourceDate "2018.10.10"]
[SourceVersion "1"]
[SourceVersionDate "2018.10.10"]
[SourceQuality "1"]

1. e4 c5 2. Nf3 d6 3. d4 cxd4 4. Nxd4 Nf6 5. Nc3 a6 6. Bg5 e5 7. Nb3 Be6 8. Qd2 Nbd7 9. f3 Qc7 10. Be3 b5 11. Bd3 Nc5 12. Nxc5 dxc5 13. Qf2 Be7 14. 0-0 0-0 15. Rfd1 Nh5 16. Bf1 Nf4 17. g3 Ng6 18. Nd5 Bxd5 19. Rxd5 Rac8 20. Rad1 Rfd8 21. Bh3 Rxd5 22. Rxd5 Rd8 23. Rxd8+ Qxd8 24. Bxc5 Qc7 25. b4 Bd6 26. Bc8 Qxc8 27. Bxd6 f6 28. Qc5 Qxc5+ 29. Bxc5 Kf7 30. Kf2 Ke6 31. Ke3 Nh8 32. Kd3 Nf7 33. c4 bxc4+ 34. Kxc4 Ng5 35. Be3 Nxf3 36. h3 Kd7 37. a4 Kc6 38. b5+ axb5+ 39. axb5+ Kb7 40. Kd5 h5 41. b6 h4 42. g4 Ne1 43. Ke6 Ng2 44. Bf2 Nf4+ 45. Kf7 Nxh3 46. Bxh4 g5 47. Bg3 Kxb6 48. Kxf6 Kc6 49. Kxe5 Kd7 50. Kf6 Ke8 51. e5 Kf8 52. e6 Ke8 53. e7 Nf4 54. Kxg5 Ne6+ 55. Kf6 Nc5 56. Bh4 Nd7+ 57. Kg7 Ne5 58. g5 Kxe7 1/2-1/2

[Event "Hessen-ch Seniors op 10th"]
[Site "Bad Sooden-Allendorf"]
[Date "2014.05.03"]
[Round "8"]
[White "Arp, Frans"]
[Black "Gebuhr, Guenter"]
[Result "1-0"]
[WhiteElo "2028"]
[BlackElo "1980"]
[PlyCount "99"]
[EventDate "2014.04.26"]
[EventType "swiss"]
[EventRounds "9"]
[EventCountry "GER"]
[SourceTitle "EXT 2018"]
[Source "ChessBase"]
[SourceDate "2017.10.13"]
[SourceVersion "1"]
[SourceVersionDate "2017.10.13"]
[SourceQuality "1"]

1. e4 c5 2. Nf3 Nc6 3. d4 cxd4 4. Nxd4 Nf6 5. Nc3 d6 6. Be2 e5 7. Nb3 Be7 8. 0-0 Be6 9. Be3 d5 10. exd5 Nxd5 11. Nxd5 Qxd5 12. c3 Qxd1 13. Rfxd1 Bxb3 14. axb3 a6 15. b4 Rd8 16. b5 Rxd1+ 17. Rxd1 axb5 18. Bxb5 f6 19. Kf1 f5 20. Rd5 f4 21. Bc5 Bxc5 22. Rxc5 Kd7 23. Rxe5 Rf8 24. c4 Kd6 25. Rd5+ Ke6 26. h4 Rf7 27. Ke2 Ne5 28. Rd8 f3+ 29. gxf3 Nxf3 30. Re8+ Kd6 31. Re4 Ne5 32. Rd4+ Kc7 33. h5 h6 34. f4 Nc6 35. Bxc6 bxc6 36. Kf3 Re7 37. b4 Re1 38. Re4 Rf1+ 39. Kg4 Rg1+ 40. Kf5 Kd7 41. c5 Rg2 42. Rd4+ Kc7 43. Ke6 Rh2 44. Rd7+ Kc8 45. Rxg7 Rxh5 46. f5 Rh2 47. f6 Re2+ 48. Kd6 Rf2 49. f7 Rf6+ 50. Ke5 1-0

[Event "Hessen-ch Seniors op 09th"]
[Site "Bad Sooden-Allendorf"]
[Date "2013.04.27"]
[Round "8"]
[White "Garms, Ilse"]
[Black "Arp, Frans"]
[Result "0-1"]
[WhiteElo "1782"]
[BlackElo "2027"]
[PlyCount "79"]
[EventDate "2013.04.20"]
[EventType "swiss"]
[EventRounds "9"]
[EventCountry "GER"]
[SourceTitle "EXT 2019"]
[Source "ChessBase"]
[SourceDate "2018.10.10"]
[SourceVersion "1"]
[SourceVersionDate "2018.10.10"]
[SourceQuality "1"]

1. d4 Nf6 2. Nf3 g6 3. c4 Bg7 4. Nc3 0-0 5. e4 d6 6. h3 e5 7. Bg5 h6 8. Bh4 g5 9. Bg3 Nh5 10. Bh2 Nf4 11. d5 f5 12. Qc2 Na6 13. a3 fxe4 14. Nxe4 Bf5 15. Bxf4 exf4 16. Bd3 Re8 17. 0-0 Bxe4 18. Bxe4 Nc5 19. Bh7+ Kh8 20. Rae1 Qf6 21. b4 Nd7 22. Bd3 Ne5 23. Nxe5 Rxe5 24. Re2 f3 25. Re3 fxg2 26. Kxg2 Rf8 27. Qe2 Qf4 28. Re4 Rfe8 29. f3 h5 30. Qf2 Rxe4 31. fxe4 Be5 32. Qxf4 Bxf4 33. h4 Rg8 34. hxg5 Rxg5+ 35. Kf2 h4 36. Rh1 Kg7 37. Kf3 Bg3 38. Ke3 Rh5 39. Bf1 Rg5 40. Bh3 0-1

[Event "Hessen-ch Seniors op 09th"]
[Site "Bad Sooden-Allendorf"]
[Date "2013.04.26"]
[Round "7"]
[White "Arp, Frans"]
[Black "Juergens, Peter1"]
[Result "1/2-1/2"]
[WhiteElo "2027"]
[BlackElo "2008"]
[PlyCount "90"]
[EventDate "2013.04.20"]
[EventType "swiss"]
[EventRounds "9"]
[EventCountry "GER"]
[SourceTitle "EXT 2019"]
[Source "ChessBase"]
[SourceDate "2018.10.10"]
[SourceVersion "1"]
[SourceVersionDate "2018.10.10"]
[SourceQuality "1"]

1. e4 e6 2. Nf3 d5 3. Nc3 Nf6 4. e5 Nfd7 5. d4 c5 6. Bg5 Qb6 7. dxc5 Bxc5 8. Qd2 Nc6 9. 0-0-0 Bxf2 10. Na4 Qb4 11. Qxf2 Qxa4 12. a3 0-0 13. Qg3 f6 14. exf6 Nxf6 15. Bd3 Ne4 16. Qh4 h6 17. Rhe1 Nc5 18. Qxa4 Nxa4 19. Be3 Bd7 20. Bb5 Nb6 21. c4 Be8 22. Bxb6 axb6 23. cxd5 exd5 24. Rxd5 Rc8 25. Kd2 Bf7 26. Rd7 Rfd8 27. Bxc6 bxc6 28. Ree7 Rxd7+ 29. Rxd7 Bd5 30. Nh4 Rf8 31. Ke3 Rf7 32. Rd6 h5 33. b4 b5 34. Rd8+ Kh7 35. Nf3 Ra7 36. Ng5+ Kg6 37. Kf4 Kf6 38. Rd6+ Ke7 39. Rg6 Rxa3 40. Rxg7+ Ke8 41. Ke5 Bxg2 42. Ne6 Re3+ 43. Kd6 Rd3+ 44. Ke5 Re3+ 45. Kd6 Rd3+ 1/2-1/2

[Event "Roosendaal LBV op-A"]
[Site "Roosendaal"]
[Date "2012.08.19"]
[Round "6"]
[White "Arp, Frans"]
[Black "Tan, Matthew"]
[Result "0-1"]
[WhiteElo "2091"]
[BlackElo "2428"]
[PlyCount "68"]
[EventDate "2012.08.16"]
[EventType "swiss"]
[EventRounds "6"]
[EventCountry "NED"]
[SourceTitle "CBM 150 Extra"]
[Source "ChessBase"]
[SourceDate "2012.10.19"]
[SourceVersion "1"]
[SourceVersionDate "2012.10.19"]
[SourceQuality "1"]

1. e4 e6 2. Nf3 c5 3. d4 cxd4 4. Nxd4 Nf6 5. Nc3 Qb6 6. Nb3 Bb4 7. Bd3 Bxc3+ 8. bxc3 d6 9. 0-0 0-0 10. Be3 Qc7 11. f4 Nbd7 12. g4 Qxc3 13. Bd4 Qc6 14. Na5 Qa4 15. Nb3 e5 16. g5 exd4 17. gxf6 Nxf6 18. e5 Ng4 19. Qe1 Ne3 20. Qh4 Bf5 21. Rf3 Bxd3 22. cxd3 Qc6 23. Qf2 Qd5 24. Rxe3 dxe3 25. Qxe3 dxe5 26. fxe5 Rfd8 27. d4 Rac8 28. Rc1 Rxc1+ 29. Qxc1 a5 30. Qa3 h5 31. Kf2 b6 32. Ke3 Qg2 33. Qc1 Qh3+ 34. Ke4 a4 0-1

[Event "Roosendaal LBV op-A"]
[Site "Roosendaal"]
[Date "2012.08.18"]
[Round "5"]
[White "Muhren, Bianca"]
[Black "Arp, Frans"]
[Result "1-0"]
[WhiteElo "2307"]
[BlackElo "2091"]
[PlyCount "105"]
[EventDate "2012.08.16"]
[EventType "swiss"]
[EventRounds "6"]
[EventCountry "NED"]
[SourceTitle "CBM 150 Extra"]
[Source "ChessBase"]
[SourceDate "2012.10.19"]
[SourceVersion "1"]
[SourceVersionDate "2012.10.19"]
[SourceQuality "1"]

1. e4 e5 2. Nf3 Nc6 3. Nc3 Nf6 4. Bb5 d6 5. d4 Bd7 6. 0-0 exd4 7. Nxd4 Be7 8. Bf4 0-0 9. Bxc6 bxc6 10. e5 Nd5 11. Nxd5 cxd5 12. exd6 Bxd6 13. Bxd6 cxd6 14. Qd3 Qf6 15. Rfe1 Rfe8 16. c3 Re5 17. Nf3 Rh5 18. Re3 g6 19. Rae1 Be6 20. Qd4 Kg7 21. a4 Rf5 22. a5 g5 23. b4 h5 24. Qxf6+ Kxf6 25. Nd4 Re5 26. Nb5 Rxe3 27. Rxe3 g4 28. h3 Ke7 29. Nc7 Rc8 30. Nxd5+ Kd7 31. Nf6+ Kc6 32. Nxh5 gxh3 33. gxh3 Kb5 34. Nf4 Bf5 35. Ne2 Rg8+ 36. Kf1 Kc4 37. Nf4 a6 38. Ke2 Rh8 39. Kd2 Rh4 40. Ng2 Rxh3 41. Rxh3 Bxh3 42. Ne3+ Kb5 43. Kd3 Be6 44. Kd4 Ba2 45. Nd5 Kc6 46. c4 Bb3 47. Ne7+ Kd7 48. Nf5 Ba4 49. Ne3 Bc6 50. Nd5 Bb7 51. b5 Kd8 52. Nb4 axb5 53. cxb5 1-0

[Event "Hessen-ch Seniors op 08th"]
[Site "Bad Sooden-Allendorf"]
[Date "2012.04.15"]
[Round "2"]
[White "Arp, Frans"]
[Black "Bendisch, Juergen"]
[Result "1-0"]
[WhiteElo "2101"]
[BlackElo "1947"]
[PlyCount "49"]
[EventDate "2012.04.14"]
[EventType "swiss"]
[EventRounds "9"]
[EventCountry "GER"]
[SourceTitle "EXT 2019"]
[Source "ChessBase"]
[SourceDate "2018.10.10"]
[SourceVersion "1"]
[SourceVersionDate "2018.10.10"]
[SourceQuality "1"]

1. e4 c5 2. Nf3 e6 3. d4 cxd4 4. Nxd4 a6 5. Nc3 Qc7 6. Bd3 Nf6 7. 0-0 Be7 8. Kh1 b5 9. f4 d6 10. e5 Nfd7 11. exd6 Bxd6 12. Bxb5 Bb7 13. Be2 Nc6 14. Ndb5 axb5 15. Nxb5 Qb8 16. Qxd6 Kd8 17. Qxb8+ Rxb8 18. Nd6 Ke7 19. Nxb7 Rxb7 20. Bf3 Rc7 21. b3 Rd8 22. Ba3+ Ke8 23. Bd6 Rcc8 24. c4 Nf6 25. Rad1 1-0

[Event "EU-chT Seniors"]
[Site "Rogaska Slatina"]
[Date "2012.03.30"]
[Round "4.14"]
[White "Arp, Frans"]
[Black "Singer, Hans"]
[Result "1-0"]
[WhiteElo "2070"]
[BlackElo "2265"]
[PlyCount "65"]
[EventDate "2012.03.27"]
[EventType "team-swiss"]
[EventRounds "9"]
[EventCountry "SLO"]
[SourceTitle "CBM 147 Extra"]
[Source "ChessBase"]
[SourceDate "2012.04.24"]
[SourceVersion "1"]
[SourceVersionDate "2012.04.24"]
[SourceQuality "1"]
[WhiteTeam "Oranje (Seniors)"]
[BlackTeam "Austria (Seniors)"]
[WhiteTeamCountry "NED"]
[BlackTeamCountry "AUT"]

1. e4 e5 2. Nf3 Nc6 3. Bb5 Nf6 4. d3 Bc5 5. 0-0 Qe7 6. Nc3 Nd4 7. Nxd4 Bxd4 8. Bg5 c6 9. Bc4 h6 10. Be3 Bxe3 11. fxe3 d6 12. d4 0-0 13. a4 exd4 14. exd4 Nxe4 15. Qe2 d5 16. Nxd5 cxd5 17. Bxd5 Be6 18. Qxe4 Rfe8 19. Bxe6 Qxe6 20. Qxe6 Rxe6 21. Rfe1 Rc6 22. Re2 Kf8 23. c3 Rac8 24. Rae1 Rb6 25. d5 g6 26. Rd1 Rd6 27. Rd4 Rc5 28. c4 a5 29. b3 Rc7 30. Rde4 Rb6 31. R2e3 Rd7 32. Re8+ Kg7 33. Ra8 1-0

[Event "EU-chT Seniors"]
[Site "Rogaska Slatina"]
[Date "2012.03.29"]
[Round "3.14"]
[White "Van Oosten, Arend"]
[Black "Arp, Frans"]
[Result "1-0"]
[WhiteElo "2186"]
[BlackElo "2070"]
[PlyCount "109"]
[EventDate "2012.03.27"]
[EventType "team-swiss"]
[EventRounds "9"]
[EventCountry "SLO"]
[SourceTitle "CBM 147 Extra"]
[Source "ChessBase"]
[SourceDate "2012.04.24"]
[SourceVersion "1"]
[SourceVersionDate "2012.04.24"]
[SourceQuality "1"]
[WhiteTeam "Vas (Seniors)"]
[BlackTeam "Oranje (Seniors)"]
[WhiteTeamCountry "NED"]
[BlackTeamCountry "NED"]

1. e4 e5 2. Bc4 Nf6 3. d3 Bc5 4. Nf3 Nc6 5. c3 0-0 6. 0-0 d6 7. Bb3 Bg4 8. h3 Bh5 9. Nbd2 a5 10. Re1 h6 11. Nf1 g5 12. Ng3 Bg6 13. Nf5 Bxf5 14. exf5 Kg7 15. g4 b5 16. Bc2 Qd7 17. a3 Rfe8 18. Qd2 Nh7 19. d4 exd4 20. Rxe8 Rxe8 21. cxd4 Bb6 22. Qd3 Nf6 23. Be3 d5 24. Qxb5 Qd6 25. Ba4 Na7 26. Qd3 Re4 27. Nd2 Re7 28. Bd1 c5 29. dxc5 Bxc5 30. Bxc5 Re1+ 31. Nf1 Qxc5 32. Qd2 Re4 33. Rc1 Rc4 34. Rxc4 dxc4 35. Bf3 a4 36. Ne3 Nc6 37. Bxc6 Qxc6 38. Qc3 Qf3 39. Qxc4 Ne4 40. Qd4+ Kg8 41. Ng2 h5 42. gxh5 Qxf5 43. h6 Nf6 44. Qxa4 Qb1+ 45. Kh2 Qxb2 46. Qa5 Qb8+ 47. f4 Nh7 48. Qe5 Qxe5 49. fxe5 f6 50. a4 fxe5 51. a5 Nf6 52. a6 Nd7 53. a7 Nb6 54. Ne3 Kh7 55. Ng4 1-0

[Event "Hoogeveen Unive op 15th"]
[Site "Hoogeveen"]
[Date "2011.10.18"]
[Round "5"]
[White "Arp, Frans"]
[Black "Mol, Christiaan"]
[Result "1-0"]
[WhiteElo "2107"]
[BlackElo "2013"]
[PlyCount "145"]
[EventDate "2011.10.14"]
[EventType "swiss"]
[EventRounds "9"]
[EventCountry "NED"]
[SourceTitle "CBM 144 Extra"]
[Source "ChessBase"]
[SourceDate "2011.10.28"]
[SourceVersion "1"]
[SourceVersionDate "2011.10.28"]
[SourceQuality "1"]

1. e4 c5 2. Nf3 Nc6 3. d4 cxd4 4. Nxd4 Nf6 5. Nc3 e5 6. Ndb5 d6 7. Bg5 a6 8. Na3 b5 9. Nd5 Be7 10. Bxf6 Bxf6 11. c3 Bg5 12. Nc2 Rb8 13. Bd3 0-0 14. 0-0 Be6 15. Nce3 Ne7 16. Nxe7+ Qxe7 17. Qe2 g6 18. a4 f5 19. axb5 f4 20. Nd5 Bxd5 21. exd5 f3 22. Qc2 Qd7 23. Rfe1 fxg2 24. Be4 axb5 25. f3 Qh3 26. Qxg2 Qxg2+ 27. Kxg2 b4 28. c4 Rfc8 29. b3 Bd2 30. Re2 Bc3 31. Ra6 Rd8 32. Rea2 Bd4 33. Rc6 Rd7 34. Raa6 Rbd8 35. Ra5 Ra7 36. Rxa7 Bxa7 37. Kg3 Bc5 38. h4 Rf8 39. h5 Kg7 40. Rc7+ Rf7 41. h6+ Kg8 42. Rc6 Kf8 43. Rc8+ Ke7 44. Rb8 Kf6 45. f4 exf4+ 46. Kxf4 Ke7+ 47. Kg4 Kf6 48. Kf4 Ke7+ 49. Kg3 Kf6 50. Kg4 Ke7 51. Bxg6 hxg6 52. h7 Bd4 53. h8Q Bxh8 54. Rxh8 Rf1 55. Rb8 Rg1+ 56. Kf3 Kf6 57. Rf8+ Ke5 58. Rb8 Kd4 59. Rb6 Rc1 60. Rxd6 Rc3+ 61. Kf4 Rxb3 62. Rc6 Rb1 63. d6 Rf1+ 64. Kg5 Ke5 65. c5 Rg1+ 66. Kh6 Ke6 67. Kg7 g5 68. Rc7 g4 69. Re7+ Kf5 70. d7 Rd1 71. c6 g3 72. Kf8 g2 73. Rg7 1-0

[Event "Hoogeveen Unive op 15th"]
[Site "Hoogeveen"]
[Date "2011.10.17"]
[Round "4"]
[White "Van Dorp, Folke"]
[Black "Arp, Frans"]
[Result "1-0"]
[WhiteElo "2050"]
[BlackElo "2107"]
[PlyCount "107"]
[EventDate "2011.10.14"]
[EventType "swiss"]
[EventRounds "9"]
[EventCountry "NED"]
[SourceTitle "CBM 144 Extra"]
[Source "ChessBase"]
[SourceDate "2011.10.28"]
[SourceVersion "1"]
[SourceVersionDate "2011.10.28"]
[SourceQuality "1"]

1. d4 Nf6 2. c4 g6 3. Nc3 Bg7 4. e4 d6 5. Bd3 0-0 6. Nge2 e5 7. d5 Nh5 8. 0-0 f5 9. exf5 gxf5 10. f3 Na6 11. Be3 Nc5 12. Bc2 f4 13. Bf2 a5 14. a3 a4 15. Bxc5 dxc5 16. Ne4 Bf5 17. N2c3 b6 18. Bxa4 Bxe4 19. Nxe4 Qh4 20. Bc6 Rad8 21. Qe1 Qe7 22. Ba4 Kh8 23. Bc2 Bf6 24. Nxf6 Qxf6 25. Qe4 Qg7 26. Rf2 Rde8 27. Rc1 Rf7 28. Rd1 Nf6 29. Qe2 e4 30. Bxe4 Nxe4 31. fxe4 Qe5 32. Re1 Rf6 33. Qd3 c6 34. Qc3 cxd5 35. cxd5 Kg7 36. Qxe5 Rxe5 37. Rf3 Kg6 38. Kf2 Kg5 39. Rc3 Rd6 40. b4 cxb4 41. axb4 b5 42. Rc5 Ra6 43. d6 Kf6 44. Rxe5 Kxe5 45. Rd1 Ra2+ 46. Kf3 Ra3+ 47. Kg4 h5+ 48. Kxh5 Ra8 49. d7 Rd8 50. Kg4 Kxe4 51. Re1+ Kd4 52. Kxf4 Kc3 53. Rd1 Kxb4 54. Ke5 1-0

[Event "Hoogeveen Unive op 15th"]
[Site "Hoogeveen"]
[Date "2011.10.14"]
[Round "1"]
[White "Arp, Frans"]
[Black "Van Assendelft, Floris"]
[Result "0-1"]
[WhiteElo "2107"]
[BlackElo "2376"]
[PlyCount "76"]
[EventDate "2011.10.14"]
[EventType "swiss"]
[EventRounds "9"]
[EventCountry "NED"]
[SourceTitle "CBM 144 Extra"]
[Source "ChessBase"]
[SourceDate "2011.10.28"]
[SourceVersion "1"]
[SourceVersionDate "2011.10.28"]
[SourceQuality "1"]

1. e4 c5 2. Nf3 d6 3. d4 cxd4 4. Nxd4 Nf6 5. Nc3 a6 6. Bg5 e6 7. f4 Qb6 8. Qd2 Nc6 9. 0-0-0 Bd7 10. e5 dxe5 11. Bxf6 exd4 12. Bxd4 Qxd4 13. Qxd4 Nxd4 14. Rxd4 Bc5 15. Rd3 Bc6 16. Rg3 Bd6 17. Rxg7 Bxf4+ 18. Kb1 f5 19. Bc4 Kf8 20. Rg3 Bxg3 21. hxg3 Kf7 22. Rf1 b5 23. Bb3 Kf6 24. g4 b4 25. Nd1 Bxg2 26. Rf2 Be4 27. Ne3 h5 28. gxf5 exf5 29. Bd5 Rae8 30. b3 Ke5 31. Bc4 f4 32. Nf1 f3 33. Bxa6 Kf4 34. Bc4 Re7 35. Rd2 Rg7 36. Rd4 Ke5 37. Rd1 h4 38. Nd2 f2 0-1

[Event "Hessen-ch Seniors op 07th"]
[Site "Bad Sooden-Allendorf"]
[Date "2011.05.04"]
[Round "5"]
[White "Arp, Frans"]
[Black "Gunnarsson, Leif"]
[Result "1/2-1/2"]
[WhiteElo "2116"]
[BlackElo "1778"]
[PlyCount "62"]
[EventDate "2011.04.30"]
[EventType "swiss"]
[EventRounds "9"]
[EventCountry "GER"]
[SourceTitle "EXT 2012"]
[Source "ChessBase"]
[SourceDate "2011.11.24"]
[SourceVersion "1"]
[SourceVersionDate "2011.11.24"]
[SourceQuality "1"]

1. e4 c5 2. Nf3 d6 3. d4 cxd4 4. Nxd4 Nf6 5. Nc3 a6 6. Bg5 e6 7. f4 Be7 8. Qf3 Qc7 9. 0-0-0 Nbd7 10. Bd3 b5 11. Rhe1 Bb7 12. Qh3 b4 13. Nd5 Nxd5 14. exd5 Bxd5 15. Bxe7 Kxe7 16. Qh4+ Kf8 17. Nf5 Nc5 18. Nxg7 Bxa2 19. Bc4 Bxc4 20. Qh6 Ke7 21. Nf5+ Kd7 22. Qf6 Kc6 23. Nxd6 Ba2 24. Re5 Kb6 25. c4 Rhd8 26. Red5 Ka7 27. Rxc5 Qxc5 28. Qxf7+ Kb6 29. Qxe6 Kc7 30. Qe7+ Kb6 31. Qb7+ Ka5 1/2-1/2

[Event "Hessen-ch Seniors op 07th"]
[Site "Bad Sooden-Allendorf"]
[Date "2011.05.01"]
[Round "2"]
[White "Fleischer, Martin"]
[Black "Arp, Frans"]
[Result "0-1"]
[WhiteElo "1780"]
[BlackElo "2116"]
[PlyCount "61"]
[EventDate "2011.04.30"]
[EventType "swiss"]
[EventRounds "9"]
[EventCountry "GER"]
[SourceTitle "EXT 2012"]
[Source "ChessBase"]
[SourceDate "2011.11.24"]
[SourceVersion "1"]
[SourceVersionDate "2011.11.24"]
[SourceQuality "1"]

1. e4 e5 2. Nf3 Nc6 3. d4 exd4 4. Nxd4 Bc5 5. c3 Qf6 6. Be3 Nge7 7. Qd3 Ne5 8. Qe2 d6 9. h3 N7g6 10. Nd2 0-0 11. 0-0-0 Nf4 12. Bxf4 Qxf4 13. g3 Qh6 14. Bg2 Be6 15. Kb1 b5 16. Nxb5 c6 17. Nd4 Rab8 18. b3 Qg6 19. f4 Qxg3 20. fxe5 Qxc3 21. N2f3 Bxd4 22. Nxd4 dxe5 23. Rd3 Qc5 24. Rc1 Bc4 25. Nf5 Qb4 26. Qe3 g6 27. Nh6+ Kg7 28. Ng4 g5 29. h4 h5 30. Nh2 g4 31. Nf1 0-1

[Event "Vlissingen HZ op 14th"]
[Site "Vlissingen"]
[Date "2010.08.08"]
[Round "2"]
[White "Arp, Frans"]
[Black "L'Ami, Erwin"]
[Result "0-1"]
[WhiteElo "2120"]
[BlackElo "2620"]
[PlyCount "56"]
[EventDate "2010.08.07"]
[EventType "swiss"]
[EventRounds "9"]
[EventCountry "NED"]
[SourceTitle "CBM 137 Extra"]
[Source "ChessBase"]
[SourceDate "2010.09.01"]
[SourceVersion "1"]
[SourceVersionDate "2010.09.01"]
[SourceQuality "1"]

1. e4 c5 2. Nf3 d6 3. d4 cxd4 4. Nxd4 Nf6 5. Nc3 a6 6. Bg5 Nbd7 7. f4 Qc7 8. Qf3 h6 9. Bxf6 Nxf6 10. h3 e6 11. 0-0-0 b5 12. Bd3 Bb7 13. g4 Be7 14. g5 hxg5 15. fxg5 Nd7 16. g6 Bg5+ 17. Kb1 Ne5 18. gxf7+ Qxf7 19. Qg2 Bf6 20. Bxb5+ axb5 21. Ndxb5 0-0 22. Nxd6 Qc7 23. Ndb5 Qa5 24. Rhg1 Bc6 25. Rdf1 Qd8 26. Rd1 Qe7 27. Nd4 Rfb8 28. Qe2 Rxb2+ 0-1

[Event "Vlissingen HZ op 14th"]
[Site "Vlissingen"]
[Date "2010.08.08"]
[Round "3"]
[White "Thompson, Robert"]
[Black "Arp, Frans"]
[Result "1/2-1/2"]
[WhiteElo "1905"]
[BlackElo "2120"]
[PlyCount "50"]
[EventDate "2010.08.07"]
[EventType "swiss"]
[EventRounds "9"]
[EventCountry "NED"]
[SourceTitle "CBM 137 Extra"]
[Source "ChessBase"]
[SourceDate "2010.09.01"]
[SourceVersion "1"]
[SourceVersionDate "2010.09.01"]
[SourceQuality "1"]

1. d4 Nf6 2. Bg5 Ne4 3. Bf4 d5 4. f3 Nd6 5. Nc3 e6 6. e4 g5 7. Be3 Bg7 8. Qd2 h6 9. 0-0-0 c6 10. g4 b5 11. e5 Nc4 12. Bxc4 bxc4 13. f4 c5 14. Nf3 gxf4 15. Bxf4 Nc6 16. dxc5 Qa5 17. Qe3 Rb8 18. a3 Bf8 19. Nxd5 Bxc5 20. Nc7+ Ke7 21. Bg5+ hxg5 22. Qxg5+ Kf8 23. Qd8+ Kg7 24. Qf6+ Kg8 25. Qg5+ Kh7 1/2-1/2